LIBRARY & INFORMATION CENTRE, KCAET, TAVANUR

ONLINE PUBLIC ACCESS CATALOGUE (OPAC)

Building Construction, vol-3 / - Mertric Edition (Record no. 3181)

MARC details
000 -LEADER
fixed length control field 00335cam a2200133ua 4500
020 ## - INTERNATIONAL STANDARD BOOK NUMBER
ISBN 9789332508248
082 ## - DEWEY DECIMAL CLASSIFICATION NUMBER
Classification number 690.
Item number MCK/BU
100 ## - MAIN ENTRY--AUTHOR NAME
Personal name Mckay, W. B .
245 ## - TITLE STATEMENT
Title Building Construction, vol-3 / - Mertric Edition
250 ## - EDITION STATEMENT
Edition statement 1 / 5
260 ## - PUBLICATION, DISTRIBUTION, ETC. (IMPRINT)
Place of publication London :
Name of publisher Longman , Pearson
Year of publication 2013
300 ## - PHYSICAL DESCRIPTION
Number of Pages 165 ;/162 .
942 ## - ADDED ENTRY ELEMENTS (KOHA)
Koha item type Books
Holdings
Withdrawn status Lost status Damaged status Home library Current library Date acquired Full call number Accession Number Koha item type Collection code Shelving location Source of acquisition Cost, normal purchase price
      KAUAET KAUAET 07/04/2012 690 3916 Books        
      KAUAET KAUAET 22/07/2016 690. MCK/BU 24261 Books   General Stacks Professional Book Centre. 399.00
free website counter